| 000 -ლიდერი |
| ფიქსირებული სიგრძის საკონტროლო ველი |
01730nam a22002417a 4500 |
| 003 - საკონტროლო ნომრის იდენტიფიკატორი |
| საკონტროლო ველი |
Ge_BSU |
| 005 - ბოლო ოპერაციის თარიღი და დრო |
| საკონტროლო ველი |
20210916115148.0 |
| 008 - ფიქსირებული სიგრძის მონაცემთა ელემენტები - ზოგადი ინფორმაცია |
| ფიქსირებული სიგრძის საკონტროლო ველი |
210916s2021 ge ||||| |||| 00| 0 geo d |
| 020 ## - წიგნის საერთაშორისო სტანდარტული ნომერი |
| International Standard Book Number |
9789941831980 |
| 041 ## - ენის კოდი |
| Language code of text/sound track or separate title |
geo |
| 080 ## - უნივერსალური ათობითი კლასიფიკაციის ინდექსი |
| Universal Decimal Classification number |
72(479.224) ო-42 |
| 245 ## - ცნობა სათაურის შესახებ |
| Title |
ოკუპირებული მემკვიდრეობა = Occupied heritage : |
| Remainder of title |
(რელიგიური ნაგებობები ოკუპირებულ აფხაზეთის ავტონომიურ რესპუბლიკასა და ცხინვალის რეგიონში : ფოტოალბომი] / |
| Statement of responsibility, etc |
გამოცემაზე მუშაობდნენ: ზაზა ვაშაყმაძე, გიორგი უკლება, ნინო ჭავჭავაძე [და სხვა] ; მთავარი რედაქტორი ზაზა ვაშაყმაძე ; რელიგიის საკითხთა სახელმწ. სააგენტო. |
| 264 ## - წარმოების, გამოცემის, დისტრიბუციის და სხვა ცნობები |
| გამოცემის, წარმოების, დისტრიბუციის... ადგილი |
თბილისი, |
| გამოცემის, წარმოების, დისტრიბუციის... თარიღი |
2021. |
| 300 ## - ფიზიკური აღწერა |
| Extent |
420 გვ. : |
| Other physical details |
ფოტ. ; |
| Dimensions |
30 სმ. |
| 653 ## - INDEX TERM--UNCONTROLLED |
| Uncontrolled term |
ოკუპირებული მემკვიდრეობა |
| 653 ## - INDEX TERM--UNCONTROLLED |
| Uncontrolled term |
ფოტოალბომი |
| 700 ## - ADDED ENTRY--PERSONAL NAME |
| Personal name |
უკლება, გიორგი |
| 9 (RLIN) |
12484 |
| 700 ## - ADDED ENTRY--PERSONAL NAME |
| Personal name |
ჭავჭავაძე, ნინო |
| 9 (RLIN) |
12485 |
| 700 ## - ADDED ENTRY--PERSONAL NAME |
| Personal name |
ასათიანი, ნინო და სხვ. |
| 9 (RLIN) |
12488 |
| 700 ## - ADDED ENTRY--PERSONAL NAME |
| Personal name |
ვაშაყმაძე, ზაზა |
| Relator term |
მთ. რედაქტორი |
| 9 (RLIN) |
12489 |
| 710 ## - ADDED ENTRY--CORPORATE NAME |
| Corporate name or jurisdiction name as entry element |
რელიგიის საკითხთა სახელმწ. სააგენტო. |
| 9 (RLIN) |
6269 |
| 942 ## - ADDED ENTRY ELEMENTS (KOHA) |
| Source of classification or shelving scheme |
|
| Koha item type |
წიგნი |